Religion Quiz

Random Religion or Bible Quiz

Bible Book Letter Pairs Quiz Stats

 Plays Quiz not verified by Sporcle

Challenge
Share
Tweet
Embed
Score 0/10 Timer 02:00
0 Plays Today
Letter Bible Book % Correct
GGenesis
90%
DDeuteronomy
88.8%
AActs
86.9%
GGalatians
85.1%
DDaniel
83.3%
SSong of Solomon
81.8%
AAmos
81.5%
ZZechariah
81.5%
SSamuel
80.9%
ZZephaniah
76.9%

You're not logged in!

Compare scores with friends on all Sporcle quizzes.
OR
Log In

You Might Also Like...

Show Comments

Extras

Top Quizzes Today


Score Distribution

Your Account Isn't Verified!

In order to create a playlist on Sporcle, you need to verify the email address you used during registration. Go to your Sporcle Settings to finish the process.

Report this User

Report this user for behavior that violates our Community Guidelines.

Details: